| 000 | 00608nam a22001577a 4500 | ||
|---|---|---|---|
| 003 | OSt | ||
| 005 | 20151002150300.0 | ||
| 008 | 151002b xxu||||| |||| 00| 0 eng d | ||
| 040 | _cRUA | ||
| 082 | _aAVM HAS 1995 B068 Or.1 | ||
| 100 |
_91780 _aHAS, PISETH. |
||
| 245 | _aInfectous diseases, often on the animals at banteay mean chey province, ជំងឺឆ្លងដែលជួបប្រទះញឹកញាប់លើសត្វពាហនៈក្នុងខេត្តបន្ទាយមានជ័យ | ||
| 260 |
_aPhnom Penh _bRUA _c1995 |
||
| 300 |
_a90p. _bill. _c29cm. |
||
| 942 |
_2ddc _cAVM |
||
| 999 |
_c1683 _d1683 |
||